| 000 | 00664nam a2200253Ia 4500 | ||
|---|---|---|---|
| 003 | OSt | ||
| 005 | 20221006154114.0 | ||
| 006 | a|||||r|||| 00| 0 | ||
| 007 | ta | ||
| 008 | 221006b |||||||| |||| 00| 0 eng d | ||
| 020 | _a0300094566 | ||
| 024 | _a34,427 | ||
| 037 | _cTextual | ||
| 040 |
_aEASL _cEASL _beng |
||
| 041 |
_2eng _aeng |
||
| 082 | _aV41,8OaY:1, K4 | ||
| 100 |
_aBalazs Etienne _9650611 |
||
| 245 | 0 | _aChinese civilization and buraucracy | |
| 260 |
_aLondon _bYale University Press _c1964 |
||
| 300 |
_a309p _ccm. |
||
| 490 | _v CEL | ||
| 942 |
_hV41,8OaY:1, K4 _cTEXL _2CC |
||
| 999 |
_c1102513 _d1102513 |
||